Statystyki dla Odgadnij imię tego piłkarza #2

Kliknij tutaj aby rozwiązać quiz!

Ogólne statystyki

  • Ten quiz został rozwiązany 94 razy
    (92 od ostatniego zresetowania)
  • Średni wynik to 11 z 15

Statystyki odpowiedzi

Nazwisko (klub)Imię% Poprawnych
HaalandErling
96%
BenzemaKarim
95%
GiroudOlivier
88%
GrealishJack
87%
NavasKeylor
87%
AsensioMarco
84%
ChielliniGiorgio
80%
Nunez (Liverpool)Darwin
76%
Dembele (FC Barcelona)Ousmane
75%
KeanMoise
71%
KimpembePresnel
67%
MahrezRiyad
67%
ZakariaDenis
60%
QuagliarellaFabio
60%
WirtzFlorian
54%

Rozkład punktacji

Percentyl według liczby udzielonych odpowiedzi

Procent ludzi z każdym wynikiem

Twoja historia wyników

Nie rozwiązałeś tego quizu od ostatniego zresetowania